01707nam a2200253Ia 450000500170000000800410001702000180005805000150007605000170009124501380010825000170024626000530026330000410031649000420035750000300039950400870042950506760051665000450119265000460123765000520128370000330133570000390136870000460140720231102150931.0120626t20111981mx o 000 0 spa d a978968166386514aLA421bH5714aLC92.M4bS6510aHistoria de la educación pública en México (1876-1976)c / Fernando Solana ; Raúl Bolaños Martínez ; Raúl Cardiel Reyes a2a edición3 aMéxicob: Fondo de Cultura Económicac, 2001 axii, 645 páginasb : fotografías0 aColección Educación y Pedagogía aReimpresiones: 2013, 2014 aIncluye: Nota a la presente edición Prólogo Índice general Apéndices (A-E)1 aIntroducción. Pasado y futuro de la educación pública mexicana Orígenes de la educación pública en México El Porfiriato. Primera etapa (1876 - 1901) Justo Sierra y la obra educativa del Porfiriato (1901-1911) La Revolución Mexicana y la educación popular La creación de la Secretaría de Educación Pública La política educativa de José Vasconcelos La escuela que surge de la Revolución La educación socialista El período de conciliación y consolidación, 1946-1958 El segundo periodo de Torres Bodet: 1958-1964 Los años recientes 1964-1976 La educación nornal La educación tecnológica en México La educación universitaria14aEDUCACÓN PÚBLICAxHISTORIAzMÉXICO24aCONSEJO SUPERIOR DE EDUCACIÓN PÚBLICA2 aSECRETARIA DE EDUCACIÓN PÚBLICAxCREACIÓN1 aSolana, Fernandoecompilador1 aCardiel Reyes, Raúlecoordinador1 aBolaños Martínez, Raúlecoordinador